Normal view
MARC view
- Iqbal, Sameen
Entry Personal Name
001 - CONTROL NUMBER
- control field: 17656
003 - CONTROL NUMBER IDENTIFIER
- control field: NUST
005 - DATE AND TIME OF LATEST TRANSACTION
- control field: 20190715062238.0
008 - FIXED-LENGTH DATA ELEMENTS
- fixed length control field: 190715|| aca||aabn | a|a d
040 ## - CATALOGING SOURCE
- Original cataloging agency: NUST
- Transcribing agency: NUST
100 ## - HEADING--PERSONAL NAME
- Personal name: Iqbal, Sameen
670 ## - SOURCE DATA FOUND
- Source citation: Work cat.: (NUST): Iqbal, Sameen, Goal Setting for Organizations in pakistan /, 2015.
